[Event "AUS-ch U18"]
[Site "Sandy Bay"]
[Date "2010.01.16"]
[Round "3"]
[White "Bretag, Lawrence"]
[Black "Taminsyah, Aston"]
[Result "1-0"]
[WhiteElo "1609"]
[BlackElo "1714"]
[PlyCount "59"]
[EventDate "2010.01.14"]
[EventType "swiss"]
[EventRounds "11"]
[EventCountry "AUS"]
[SourceTitle "EXT 2011"]
[Source "ChessBase"]
[SourceDate "2010.11.26"]
[SourceVersion "1"]
[SourceVersionDate "2010.11.26"]
[SourceQuality "1"]

1. e4 e5 2. Nf3 Nc6 3. d4 exd4 4. Bc4 Bc5 5. c3 h6 6. b4 Bb6 7. cxd4 Qe7 8. 0-0 Qxb4 9. Qd3 Na5 10. Bd5 c6 11. Ba3 Qa4 12. Bb3 Nxb3 13. axb3 Qb5 14. Qxb5 cxb5 15. Nc3 a6 16. Bd6 Bd8 17. Nxb5 Nf6 18. Bb4 Nxe4 19. Rfe1 d5 20. Nd6+ Kd7 21. Ne5+ Ke6 22. Ndxf7 Re8 23. f3 Ng5 24. Nxd8+ Rxd8 25. Nc6+ Kd7 26. Nxd8 Kxd8 27. Re5 Bd7 28. Ba5+ Kc8 29. Rxd5 Ne6 30. Rc1+ 1-0

[Event "AUS-ch U18"]
[Site "Sandy Bay"]
[Date "2010.01.16"]
[Round "4"]
[White "Cameron, Alistair"]
[Black "Bretag, Lawrence"]
[Result "1-0"]
[WhiteElo "1706"]
[BlackElo "1609"]
[PlyCount "31"]
[EventDate "2010.01.14"]
[EventType "swiss"]
[EventRounds "11"]
[EventCountry "AUS"]
[SourceTitle "EXT 2011"]
[Source "ChessBase"]
[SourceDate "2010.11.26"]
[SourceVersion "1"]
[SourceVersionDate "2010.11.26"]
[SourceQuality "1"]

1. d4 Nf6 2. c4 g6 3. Nc3 Bg7 4. e4 d6 5. f4 Nbd7 6. Nf3 e5 7. fxe5 dxe5 8. dxe5 Ng8 9. Bf4 Ne7 10. e6 fxe6 11. Ng5 0-0 12. Nxe6 Rxf4 13. Nxd8 Bxc3+ 14. bxc3 Rxe4+ 15. Be2 Ne5 16. 0-0 1-0